<?xml version="1.0" encoding="UTF-8"?>
<record
    xmlns:xsi="http://www.w3.org/2001/XMLSchema-instance"
    xsi:schemaLocation="http://www.loc.gov/MARC21/slim http://www.loc.gov/standards/marcxml/schema/MARC21slim.xsd"
    xmlns="http://www.loc.gov/MARC21/slim">

  <leader>01410nam a22001697a 4500</leader>
  <controlfield tag="008">111125t        xxu||||| |||| 00| 0 eng d</controlfield>
  <datafield tag="020" ind1=" " ind2=" ">
    <subfield code="a">9988584377</subfield>
  </datafield>
  <datafield tag="050" ind1=" " ind2=" ">
    <subfield code="a">HB171.5.O63</subfield>
  </datafield>
  <datafield tag="100" ind1=" " ind2=" ">
    <subfield code="a">Ofori-Atta, Jones</subfield>
  </datafield>
  <datafield tag="245" ind1=" " ind2=" ">
    <subfield code="a">Introduction to micro-economics /</subfield>
    <subfield code="c">Jones Ofori-Atta,</subfield>
  </datafield>
  <datafield tag="260" ind1=" " ind2=" ">
    <subfield code="a">Accra:</subfield>
    <subfield code="b">Institute for Economic Affairs,</subfield>
    <subfield code="c">c1998.</subfield>
  </datafield>
  <datafield tag="300" ind1=" " ind2=" ">
    <subfield code="a">xviii, 631 p.:</subfield>
    <subfield code="b">ill.;</subfield>
    <subfield code="c">22cm.</subfield>
  </datafield>
  <datafield tag="500" ind1=" " ind2=" ">
    <subfield code="a">Includes index.</subfield>
  </datafield>
  <datafield tag="505" ind1=" " ind2=" ">
    <subfield code="a">Contents: Introduction -- Elementary theory of supply and demand -- The Theory of consumer behaviour: The Derivation of the demand curve -- The Theory of supply the firm's production and cost functions - the derivation of the supply curve -- Monopoly -- Oligoopoly -- Monopolistic competition -- Economic theory and business practice mark-up pricing -- Epilogue: Economic analysis and market theories -- Income distribution: The General theory of factor prices -- The Labour market -- The Production plan of the firm - the one variable input case -- The Production plan of the firm (II): Production relations with two variable inputs -- The Conditions for optimal allocation of resources -- The Cost functions of the firm -- The Equilibrium of the firm -- Allocation of resources - market structures: Introduction to market structures -- The Theory of perfect competition -- The Theory of imperfect markets: Price searchers' markets.</subfield>
  </datafield>
  <datafield tag="650" ind1=" " ind2=" ">
    <subfield code="a">Micro-economics</subfield>
  </datafield>
  <datafield tag="942" ind1=" " ind2=" ">
    <subfield code="2">lcc</subfield>
    <subfield code="c">BK</subfield>
  </datafield>
  <datafield tag="999" ind1=" " ind2=" ">
    <subfield code="c">307</subfield>
    <subfield code="d">7807</subfield>
  </datafield>
  <datafield tag="952" ind1=" " ind2=" ">
    <subfield code="0">0</subfield>
    <subfield code="1">0</subfield>
    <subfield code="2">lcc</subfield>
    <subfield code="4">0</subfield>
    <subfield code="7">0</subfield>
    <subfield code="a">WIUC-1</subfield>
    <subfield code="b">WIUC-1</subfield>
    <subfield code="c">GEN</subfield>
    <subfield code="d">2011-11-25</subfield>
    <subfield code="l">0</subfield>
    <subfield code="o">HB171.5.O63</subfield>
    <subfield code="p">850/11</subfield>
    <subfield code="r">2011-11-25 00:00:00</subfield>
    <subfield code="t">1</subfield>
    <subfield code="w">2011-11-25</subfield>
    <subfield code="y">BK</subfield>
  </datafield>
  <datafield tag="952" ind1=" " ind2=" ">
    <subfield code="0">0</subfield>
    <subfield code="1">0</subfield>
    <subfield code="2">lcc</subfield>
    <subfield code="4">0</subfield>
    <subfield code="7">0</subfield>
    <subfield code="a">WIUC-1</subfield>
    <subfield code="b">WIUC-1</subfield>
    <subfield code="c">GEN</subfield>
    <subfield code="d">2011-11-25</subfield>
    <subfield code="l">0</subfield>
    <subfield code="o">HB171.5.O64</subfield>
    <subfield code="p">849/11</subfield>
    <subfield code="r">2011-11-25 00:00:00</subfield>
    <subfield code="t">2</subfield>
    <subfield code="w">2011-11-25</subfield>
    <subfield code="y">BK</subfield>
  </datafield>
</record>
